[Event "Benidorm op U2000 11th"]
[Site "Benidorm"]
[Date "2012.12.04"]
[Round "5"]
[White "Albers, Andreas"]
[Black "Sanchez Sanchez, Alberto"]
[Result "1/2-1/2"]
[WhiteElo "1937"]
[BlackElo "1968"]
[PlyCount "120"]
[EventDate "2012.11.30"]
[EventType "swiss"]
[EventRounds "10"]
[EventCountry "ESP"]
[SourceTitle "EXT 2014"]
[Source "ChessBase"]
[SourceDate "2013.11.20"]
[SourceVersion "1"]
[SourceVersionDate "2013.11.20"]
[SourceQuality "1"]

1. e4 d5 2. exd5 Qxd5 3. Nc3 Qd6 4. d4 Nf6 5. g3 Bg4 6. Nge2 a6 7. Bg2 Nc6 8. 0-0 0-0-0 9. Be3 e5 10. dxe5 Qxd1 11. Raxd1 Rxd1 12. Rxd1 Nxe5 13. h3 Bd7 14. Bd4 Bd6 15. g4 Nc6 16. Bxf6 gxf6 17. Ne4 Be7 18. Nd4 Re8 19. Ng3 Nxd4 20. Rxd4 Be6 21. Rd1 c6 22. Be4 Bc5 23. a3 h5 24. b4 Bb6 25. Nf5 Kb8 26. Kg2 hxg4 27. hxg4 Bxf5 28. Bxf5 Re2 29. Rf1 c5 30. Kf3 Re7 31. Rd1 cxb4 32. axb4 Bc7 33. Rd5 Be5 34. b5 axb5 35. Rxb5 Rc7 36. Bd3 Bd4 37. Rd5 Bc5 38. Rd8+ Ka7 39. Bf5 Be7 40. Rd7 Kb6 41. Rxc7 Kxc7 42. Be4 b6 43. Bd5 Kd6 44. Bxf7 Ke5 45. Bg6 Ba3 46. Ke2 Bc1 47. f3 Kd4 48. Be4 Bf4 49. Kf2 Kc3 50. Kg2 b5 51. Kh3 b4 52. Kh4 b3 53. cxb3 Kxb3 54. Kh5 Kb4 55. Kg6 Be5 56. Kf5 Bc3 57. Ke6 Kc5 58. f4 Bd4 59. g5 fxg5 60. fxg5 Bc3 1/2-1/2

[Event "Benidorm op U2000 11th"]
[Site "Benidorm"]
[Date "2012.12.03"]
[Round "4"]
[White "Sanchez Sanchez, Alberto"]
[Black "Voet, Dirk Victor"]
[Result "1-0"]
[WhiteElo "1968"]
[BlackElo "1911"]
[PlyCount "33"]
[EventDate "2012.11.30"]
[EventType "swiss"]
[EventRounds "10"]
[EventCountry "ESP"]
[SourceTitle "EXT 2014"]
[Source "ChessBase"]
[SourceDate "2013.11.20"]
[SourceVersion "1"]
[SourceVersionDate "2013.11.20"]
[SourceQuality "1"]

1. e4 g6 2. d4 Bg7 3. Nc3 d6 4. Bg5 a6 5. a4 c5 6. Nf3 cxd4 7. Nxd4 Qb6 8. Be3 Qxb2 9. Nd5 Kd8 10. Rb1 Qa3 11. Qd2 b6 12. Nxb6 Ra7 13. Qa5 Qa2 14. Nd5+ Kd7 15. Bb5+ axb5 16. Qxa7+ Ke8 17. 0-0 1-0

[Event "La Roda op 36th"]
[Site "La Roda"]
[Date "2009.04.08"]
[Round "1"]
[White "Sanchez Sanchez, Alberto"]
[Black "Lopez Martinez, Josep Manuel"]
[Result "0-1"]
[WhiteElo "2067"]
[BlackElo "2557"]
[PlyCount "84"]
[EventDate "2009.04.08"]
[EventType "swiss"]
[EventRounds "9"]
[EventCountry "ESP"]
[SourceTitle "CBM 129 Extra"]
[Source "ChessBase"]
[SourceDate "2009.05.05"]
[SourceVersion "2"]
[SourceVersionDate "2009.05.20"]
[SourceQuality "1"]

1. e4 c5 2. c3 Nf6 3. e5 Nd5 4. d4 cxd4 5. cxd4 e6 6. Nc3 Nxc3 7. bxc3 Qc7 8. Bd2 d6 9. f4 Be7 10. Nf3 b6 11. Bd3 0-0 12. 0-0 Ba6 13. c4 g6 14. Qe2 Nd7 15. f5 exf5 16. e6 fxe6 17. Qxe6+ Rf7 18. Ng5 Bxg5 19. Bxg5 Nf8 20. Qe2 Rc8 21. Rac1 Qd7 22. d5 Qe8 23. Qf2 Nd7 24. Rfe1 Qf8 25. Bf4 Nc5 26. Bb1 Re7 27. Rxe7 Qxe7 28. Qf3 Ne4 29. Qb3 Nf6 30. Bd3 Rc5 31. Qb4 Nxd5 32. Re1 Nxb4 33. Rxe7 Nxd3 34. Bh6 Re5 35. Rg7+ Kf8 36. h4 Ke8 37. Rxa7 Bxc4 38. a4 Bd5 39. Rxh7 Re1+ 40. Kh2 Re2 41. h5 Rxg2+ 42. Kh3 Nf2+ 0-1

[Event "Albacete op 16th"]
[Site "Albacete"]
[Date "2008.09.02"]
[Round "2"]
[White "Sanchez Sanchez, Alberto"]
[Black "Fenollar Jorda, Manuel"]
[Result "1/2-1/2"]
[WhiteElo "2076"]
[BlackElo "2298"]
[PlyCount "109"]
[EventDate "2008.09.01"]
[EventType "swiss"]
[EventRounds "9"]
[EventCountry "ESP"]
[SourceTitle "CBM 126 Extra"]
[Source "ChessBase"]
[SourceDate "2008.11.05"]
[SourceVersion "1"]
[SourceVersionDate "2008.11.05"]
[SourceQuality "1"]

1. e4 e6 2. d3 d5 3. Nd2 c5 4. Ngf3 Nc6 5. g3 Nf6 6. Bg2 Be7 7. 0-0 0-0 8. Re1 b5 9. e5 Nd7 10. Nf1 a5 11. h4 a4 12. a3 b4 13. N1h2 Qc7 14. Bf4 bxa3 15. bxa3 Ba6 16. Ng5 h6 17. Qh5 Nd4 18. Ng4 Nf5 19. Bxd5 hxg5 20. hxg5 exd5 21. e6 g6 22. Nh6+ Nxh6 23. Qxh6 Qc6 24. exd7 Bd6 25. Re6 Qxd7 26. Rxd6 Qe7 27. Kg2 Bb7 28. Rb6 d4+ 29. Kh2 Bf3 30. Bd6 Qe2 31. Kg1 Rfe8 32. Rf1 Rac8 33. Bf8 Qe5 34. Rf6 Rxf8 35. Rxf3 c4 36. Kg2 cxd3 37. Rh1 Qg7 38. Rxd3 Rfd8 39. Qxg7+ Kxg7 40. Rhd1 Rd5 41. R1d2 Rxg5 42. Rxd4 Rgc5 43. Rxa4 Rxc2 44. Rxc2 Rxc2 45. Ra8 Ra2 46. a4 Kf6 47. a5 Kg5 48. a6 Kf5 49. Kf3 Ra3+ 50. Ke2 Kg4 51. a7 Ra2+ 52. Ke3 Ra4 53. Ke2 Ra3 54. Rh8 Rxa7 55. Rh4+ 1/2-1/2

[Event "Albacete op 16th"]
[Site "Albacete"]
[Date "2008.09.02"]
[Round "3"]
[White "Sanchez Sanchez, Alberto"]
[Black "Picazo Lopez, Juan Antonio"]
[Result "1/2-1/2"]
[WhiteElo "2076"]
[BlackElo "2226"]
[PlyCount "162"]
[EventDate "2008.09.01"]
[EventType "swiss"]
[EventRounds "9"]
[EventCountry "ESP"]
[SourceTitle "CBM 126 Extra"]
[Source "ChessBase"]
[SourceDate "2008.11.05"]
[SourceVersion "1"]
[SourceVersionDate "2008.11.05"]
[SourceQuality "1"]

1. e4 d5 2. exd5 Nf6 3. Bb5+ Bd7 4. Bc4 b5 5. Be2 Nxd5 6. d4 e6 7. Nf3 Bd6 8. 0-0 0-0 9. c4 bxc4 10. Bxc4 Bc6 11. Nc3 Nxc3 12. bxc3 Qf6 13. Be2 Nd7 14. Bg5 Qf5 15. Qd2 Rab8 16. c4 h6 17. Be3 Be4 18. c5 Be7 19. Rfc1 Bf6 20. Ne1 Rfd8 21. f3 Bd5 22. Bd3 Qh5 23. g4 Qh4 24. Bf2 Qg5 25. Be3 Bxd4 26. Bh7+ Kxh7 27. Qxd4 Qe5 28. c6 Qxd4 29. Bxd4 Nb6 30. a4 a6 31. Be5 Rdc8 32. Kf2 Nc4 33. Bg3 Rb6 34. Rc3 Rxc6 35. Rac1 Na5 36. Rc5 f6 37. Nd3 Rxc5 38. Rxc5 Nc6 39. Nf4 Nb4 40. Nxd5 Nxd5 41. Rc6 e5 42. Rxa6 c5 43. Rd6 Nb4 44. f4 exf4 45. Bxf4 c4 46. a5 c3 47. a6 Ra8 48. Rd4 Nxa6 49. Rc4 Kg6 50. Rxc3 Nb4 51. Bg3 Ra2+ 52. Kf3 h5 53. h3 Nc2 54. Bf2 Ra3 55. Rxa3 Nxa3 56. Bc5 Nb5 57. Bf8 Nd4+ 58. Kg3 Ne6 59. Ba3 hxg4 60. hxg4 Kf7 61. Bc1 Ke8 62. Kh4 g6 63. Kg3 Kf7 64. Bb2 Nc7 65. Kf3 Ke6 66. Bc1 Nd5 67. Bd2 Ne7 68. Bc1 Nc6 69. Bb2 Ne5+ 70. Kg3 Kd5 71. Ba3 Ke4 72. Be7 Nd7 73. Bd8 g5 74. Be7 Ke5 75. Kf3 Ke6 76. Ba3 Ne5+ 77. Kg3 Nc4 78. Bb4 Nd6 79. Ba3 f5 80. Bxd6 Kxd6 81. gxf5 Ke7 1/2-1/2